=LDR 00000nam 2200000 4500 =001 000486 =005 20250710095248 =035 ##$$a 0010-0725000348 =007 ta =008 250710################a##########0#ind## =020 ##$$a 978-623-307-209-0 =082 ##$$a 398.209 598 =084 ##$$a 398.209 598 ADI p =100 #$$a Adiputri, Zulfa =245 1#$$a Papipu dan Benih Terbang /$c Zulfa Adiputri =250 ##$$a Cetakan Kedua =260 ##$$a Jakarta Timur :$b Badan Pengembangan dan Pembinaan Bahasa,$c 2022 =300 ##$$a 28 hlm : $b ilus. ; $c 29,7 cm =600 #4$$a Cerita anak-Indonesia =600 #4$$a Literasi-Bahan Bacaan =856 ##$$a TBM AS SUHADA =990 ##$$a TBM02390239